000 00455cam a2200157ua 4500
041 _aeng
_h
082 _a828.09
_bGRI/MI
100 _aGrievsen, J C .
245 _aMilton and Wordsworth Poets and prophets:A study of their reactions to political events /
_cJ C Grievsen.
_hTextual Documents
260 _aLondon :
_bChatto and Windus ,
_c1963.
300 _a185 ; .
504 _a
700 1 _aHerbert, .
942 _cBK
999 _c11680
_d11680